Science Quiz

Random Science or Animal Quiz

Animals by Phylum Quiz Stats

 Plays Quiz Updated Feb 7, 2020

Support Sporcle.
Go Orange.
Score 0/64 Timer 06:00
0 Plays Today
% Correct
Chordata
65.8%
Arthropoda
63.9%
Chordata
63.3%
Chordata
61.6%
Chordata
61.6%
Arthropoda
60.9%
Chordata
60.9%
Arthropoda
60.8%
Arthropoda
60.4%
Chordata
60.2%
Arthropoda
60.1%
Chordata
59.5%
Arthropoda
59.4%
Chordata
58.9%
Arthropoda
58.3%
Chordata
57.9%
Mollusca
57.3%
Mollusca
56.9%
Chordata
56.9%
Mollusca
56.8%
Chordata
55.7%
Arthropoda
55.6%
Chordata
55.3%
Chordata
55.2%
Arthropoda
55.1%
Arthropoda
52.3%
Chordata
52.2%
Arthropoda
51.6%
Chordata
50.9%
Arthropoda
50.8%
Mollusca
50.5%
Mollusca
50.2%
% Correct
Arthropoda
49.6%
Mollusca
49.1%
Echinodermata
48.9%
Porifera
48.3%
Echinodermata
47.1%
Cnidaria
46.4%
Mollusca
44.5%
Echinodermata
44.3%
Cnidaria
44.1%
Cnidaria
42.8%
Mollusca
42.5%
Annelida
40.8%
Echinodermata
40.4%
Mollusca
40.3%
Nematoda
39.1%
Nematoda
38.9%
Annelida
38.2%
Mollusca
38.2%
Annelida
38.1%
Platyhelminthes
37.2%
Platyhelminthes
36.8%
Cnidaria
36.3%
Nematoda
35.7%
Echinodermata
35.4%
Nematoda
33.8%
Arthropoda
33.4%
Platyhelminthes
32.8%
Annelida
32.6%
Cnidaria
31.2%
Platyhelminthes
29.1%
Porifera
28.9%
Nematoda
28.4%

You're not logged in!

Compare scores with friends on all Sporcle quizzes.
OR
Log In
Forgot?

From the Vault

The Office Pranks

by fm_

Security in this office park is a joke. Last year I came to work with my spud-gun in a duffle bag. I sat at my desk all day with a rifle that shoots potatoes at 60 pounds per square inch. Can you imagine if I was deranged?
Remove Ads.
Support Sporcle.
Get the best of Sporcle when you Go Orange. This ad-free experience offers more features, more stats, and more fun while also helping to support Sporcle. Thank you for becoming a member.

Show Comments

Extras

Top Quizzes Today


Score Distribution

Your Account Isn't Verified!

In order to create a playlist on Sporcle, you need to verify the email address you used during registration. Go to your Sporcle Settings to finish the process.

Report this User

Report this user for behavior that violates our Community Guidelines.

Details: